000 00512nam a2200181Ia 4500
005 20250508151547.0
008 008 250505s9999 xx 000 0 eng d
037 _aTextual
040 _aFEDL
_beng
_cFEDL
041 _aeng
_2eng
084 _a378.01, SMI
_qFEDL
100 _aSmith Huston
_993872
245 0 _apurpose of higher education
260 _aNew York, USA
_bHarper and Brothers Publisher
_c1955
300 _axix,218p.
942 _cTEXL
_h378.01, SMI
999 _c1330625
_d1330625